GETS Theological Seminary Library

Let the nations be glad!: (Record no. 895)

MARC details
000 -LEADER
fixed length control field 00559nam a2200193Ia 4500
008 - FIXED-LENGTH DATA ELEMENTS--GENERAL INFORMATION
fixed length control field 200824s9999||||xx |||||||||||||| ||und||
020 ## - INTERNATIONAL STANDARD BOOK NUMBER
International Standard Book Number 080102613X
020 ## - INTERNATIONAL STANDARD BOOK NUMBER
International Standard Book Number 9780801026133
041 ## - LANGUAGE CODE
Language code of text/sound track or separate title eng
050 ## - LIBRARY OF CONGRESS CALL NUMBER
Classification number BV2063
Item number .P55 2003
100 ## - MAIN ENTRY--PERSONAL NAME
Personal name Piper, John
245 #0 - TITLE STATEMENT
Title Let the nations be glad!:
Remainder of title the supremacy of God in missions /
Statement of responsibility, etc. John Piper
260 ## - PUBLICATION, DISTRIBUTION, ETC.
Place of publication, distribution, etc. Grand Rapids, Mich. :
Name of publisher, distributor, etc. Baker Academic
Date of publication, distribution, etc. 2003
300 ## - PHYSICAL DESCRIPTION
Extent 255 p.
Other physical details ;
Dimensions 23 cm.
650 ## - SUBJECT ADDED ENTRY--TOPICAL TERM
Topical term or geographic name entry element God (Christianity) Worship and love.
650 ## - SUBJECT ADDED ENTRY--TOPICAL TERM
Topical term or geographic name entry element Missions Theory.
650 ## - SUBJECT ADDED ENTRY--TOPICAL TERM
Topical term or geographic name entry element Missions.
Holdings
Withdrawn status Lost status Source of classification or shelving scheme Damaged status Not for loan Home library Current library Shelving location Date acquired Total Checkouts Full call number Barcode Date last seen Price effective from Koha item type Cost, normal purchase price Copy number
    Library of Congress Classification     GETS Theological Seminary Library GETS Theological Seminary Library General Stacks 07/12/2020   BV2063 .P55 2003  00000849 07/12/2020 07/12/2020 English Books    
    Library of Congress Classification     GETS Theological Seminary Library GETS Theological Seminary Library Duplicate Section 08/24/2020   BV2063 .P55 2003 00004732 08/24/2020 08/24/2020 English Books 14.99 c. 2
OpacCredits

Contact the Librarian, GETS Library
Email: library@mygets.org









Implemented by GETS Library
(Powered by ETCA Professional Group)
GETS Theological Seminary
412 E. Rowland Street, CA 91723